000
00281nam a22000977a 4500
008
230609b |||||||| |||| 00| 0 eng d
020
_a
9780603579691
100
_a
Brallier Max
_9
7685
245
_a
The Last Kids on Earth and the Zombie Parade-2
260
_a
United States
_b
Viking
_c
2015
999
_c
12320
_d
12320